01286 2200601 4500001002100000008004100021035002000062245005800082100001600140250000600156260003000162300001200192084001400204082000800218650001400226990001200240990001200252990001200264990001200276990001200288990001200300990001200312990001200324990001200336990001200348990001200360990001200372990001200384990001200396990001200408990001200420990001200432990001200444990001200456990001200468990001200480990001200492990001200504990001200516990001200528990001200540990001200552990001200564990001200576990001200588990001200600990001200612990001200624990001200636990001200648990001200660990001200672INLIS000000000000990 ind  a0010-0524000225 aPanduan Praktikum Fisika Kelas XI Jilid 2cAri Damari aDamari, Ari a1 aJakarta :bErlanggac2019 a126 hlm a530 ARI p a530 aNon Fiksi a0741841 a0741842 a0741843 a0741844 a0741845 a0741846 a0741847 a0741848 a0741849 a0741850 a0741851 a0741852 a0741853 a0741854 a0741855 a0741856 a0741857 a0741858 a0741859 a0741860 a0741861 a0741862 a0741863 a0741864 a0741865 a0741866 a0741867 a0741868 a0741869 a0741870 a0741871 a0741872 a0741873 a0741874 a0741875 a0741876 a0741877